003860000a2200121000450024500650000065000280006565000150009365100280010865300430013604100130017910000260019277300460021810aManatee's simple socials: scent marking in an aquatic mammal14aMamíferos acuáticos14aEtología 4dFloridapEstados Unidos gTrichechuseTrichechus manatusvManati0 aInglés1 aMacdonald, David, Ed.1 tEncyclopedia of Mammals3145q28-30d1984